000 00285nam a22001337a 4500
008 180307b xxu||||| |||| 00| 0 eng d
020 _a9780618528448
041 _aeng
080 _27 ED
_a54
100 _a12
101 _aKIM
245 _aCHEMISTRY
_cSTEVEN.S.Z
942 _2udc
_cBK
999 _c44273
_d44273